| 000 | 01480nam0a2200361 4500 | ||
|---|---|---|---|
| 001 | RU\NLR\bibl\1074635 | ||
| 005 | 20260406052025.0 | ||
| 010 |
_a978-5-9533-2029-0 _93000 |
||
| 021 |
_aRU _b2007-15268 _9818 |
||
| 035 | _a(nilc)RSL-KNO-003081242 | ||
| 035 | _a(NLR Aleph) 001061842 | ||
| 090 |
_a943587 _c943587 |
||
| 100 | _a20070315d2007 |||y0rusy50 ca | ||
| 101 | 0 | _arus | |
| 102 | _aRU | ||
| 105 | _aa ||||||||| | ||
| 200 | 1 |
_aЗабытая история Руси _fС. И. Валянский, Д. В. Калюжный |
|
| 210 |
_aМосква _cВече _d2007 |
||
| 215 |
_a382 с. _cил. _d25 |
||
| 225 | 1 | _aВерсии мировой истории | |
| 320 | _aБиблиогр.: с. 377-379 (111 назв.) | ||
| 607 |
_aРоссия _xИстория _xОригинальные теории _92086776 _3RU\NLR\auth\661262921 |
||
| 610 | 0 | _aИстория. Исторические науки -- Россия -- Период феодализма (4 в.-1861 г.) | |
| 686 |
_aТ3(2)4,02 _2rubbk |
||
| 686 | _aТ3(2)0,02 | ||
| 700 | 1 |
_4070 _8rus _7ca _aВалянский _bС. И. _f1949- _gСергей Иванович _3RU\NLR\auth\777129 _9117068 |
|
| 701 | 1 |
_4070 _8rus _7ca _aКалюжный _bД. В. _f1952- _gДмитрий Витальевич _3RU\NLR\auth\777130 _9117069 |
|
| 801 | 0 |
_aRU _bРКП _c20070315 _grcr |
|
| 801 | 1 |
_aRU _bРГБ _c20070315 |
|
| 801 | 2 |
_aRU _bNLR _c20070418 _grcr |
|
| 942 | _cBOOK | ||
| 980 | _aNB | ||